Jubilee international scientific conference VSU´2008 : Proceedings Vol.2.Sofia,Bulgaria,29.-30.5.2008

Salvato in:
Dettagli Bibliografici
Natura: Libro
Pubblicazione: Sofia : L.Karavelov Civil engineering higher school Sofia, 2008
Tags: Aggiungi Tag
Nessun Tag, puoi essere il primo ad aggiungerne!!

MARC

LEADER 00000nam a22000003a 4500
001 stu169153
005 20150408182536.2
008 080910s2008----bu----------------------d
020 |a 978-954-331-020-3 
040 |a STU  |b slo 
041 0
044 |a bu 
245 |a Jubilee international scientific conference VSU´2008 :  |b Proceedings Vol.2.Sofia,Bulgaria,29.-30.5.2008 
260 |a Sofia :  |b L.Karavelov Civil engineering higher school Sofia,  |c 2008 
996 |b 284V036898  |c V* 2250/sc-15  |l VVT  |s A  |a 24  |w stu169153_0001